Родной политехнический...; Томский политехник; Вып. 5
| Parent link: | Томский политехник: ежегодный журнал/ Томский политехнический университет (ТПУ), Ассоциация выпускников.— , 1995- Вып. 5.— 1999.— [С. 108-110] |
|---|---|
| Автор: | |
| Резюме: | Заглавие с титульного листа Электронная версия печатной публикации |
| Мова: | Російська |
| Опубліковано: |
1999
|
| Серія: | ВУЗ это не только учеба |
| Предмети: | |
| Онлайн доступ: | Черно-белая версия для предварительного просмотра Цветная версия без потери качества |
| Формат: | MixedMaterials Електронний ресурс Частина з книги |
| KOHA link: | https://koha.lib.tpu.ru/cgi-bin/koha/opac-detail.pl?biblionumber=190355 |
MARC
| LEADER | 00000nla2a2200000 4500 | ||
|---|---|---|---|
| 001 | 190355 | ||
| 005 | 20231031175843.0 | ||
| 035 | |a (RuTPU)RU\TPU\book\207402 | ||
| 035 | |a RU\TPU\book\207400 | ||
| 090 | |a 190355 | ||
| 100 | |a 20110120d1999 km y0rusy50 ca | ||
| 101 | 0 | |a rus | |
| 102 | |a RU | ||
| 135 | |a drnn ---uucaa | ||
| 181 | 0 | |a i | |
| 182 | 0 | |a b | |
| 200 | 1 | |a Родной политехнический... |b Электронный ресурс |f М. Г. Гольдшмидт | |
| 203 | |a Текст |c электронный | ||
| 215 | |a 2 файла (987 Кб, 9.2 Мб) | ||
| 225 | 1 | |a ВУЗ это не только учеба | |
| 230 | |a Электронные текстовые данные (2 файла : 987 Кб, 9.2 Мб) | ||
| 300 | |a Заглавие с титульного листа | ||
| 300 | |a Электронная версия печатной публикации | ||
| 337 | |a Adobe Reader | ||
| 461 | 1 | |0 (RuTPU)RU\TPU\book\202435 |t Томский политехник |o ежегодный журнал |f Томский политехнический университет (ТПУ), Ассоциация выпускников |d 1995- | |
| 463 | 1 | |0 (RuTPU)RU\TPU\book\206998 |t Вып. 5 |v [С. 108-110] |d 1999 |p 146 с. | |
| 601 | 0 | 2 | |a Томский политехнический институт (ТПИ) |c (1944-1991) |2 stltpush |3 (RuTPU)RU\TPU\col\1123 |
| 610 | 1 | |a студенчество | |
| 610 | 1 | |a студенческие театры | |
| 610 | 1 | |a фестивали | |
| 610 | 1 | |a студенты | |
| 610 | 1 | |a спортивные соревнования | |
| 610 | 1 | |a культурная жизнь | |
| 610 | 1 | |a студенческие годы | |
| 610 | 1 | |a электронный ресурс | |
| 700 | 1 | |a Гольдшмидт |b М. Г. |c российский учёный в области автоматизации и роботизации в машиностроении |c доцент Томского политехнического университета |g Марк Георгиевич |2 stltpush |3 (RuTPU)RU\TPU\pers\26834 | |
| 801 | 1 | |a RU |b 63413507 |c 20101101 | |
| 801 | 2 | |a RU |b 63413507 |c 20110511 |g RCR | |
| 856 | 4 | |u http://www.lib.tpu.ru/fulltext/v/Tomsk_polytechnic/1999/N5a24_bw.pdf |z Черно-белая версия для предварительного просмотра | |
| 856 | 4 | |u http://www.lib.tpu.ru/fulltext/v/Tomsk_polytechnic/1999/N5a24_full.pdf |z Цветная версия без потери качества | |
| 942 | |c CF | ||